zpět

Detail výsledku týmu

Pivní burza Jánská, Brno

Datum a čas kvízu

34 Celkem bodů Celkový počet nahraných bodů na tomto kvízu bez doplňovacích otázek.
2. Pořadí na kvízu Konečné umístění týmu na tomto kvízu.

Zaznamenané odpovědi

# Otázka Odpověď Body Výsledky
1. Česká společnost Seznam.cz ozn... 1
2. Německá armáda schválila verzi... 0
3. Legendární pražská punková kap... 0
4. Sada smajlíků Emoji bude opět... 0
5. Minulý týden ukončil svou kar... 1
6. Oslí můstek je výraz, který se... 1
7. Blízkým a poněkud ušlechtilejš... 1
8. Koňská síla (značka HP) je sta... 0
9. Nejen koně či automobily mají... 0
10. Abyste mohli ukázat svou sílu,... 1